logo

Bir Sreshtho Munshi Abdur Rouf Library
Jhenaidah Cadet College

Pak School Arithmatic / (Record no. 4940)

MARC details
000 -LEADER
fixed length control field 00549nam a2200229 a 4500
001 - CONTROL NUMBER
JCCL Control Number 4940
003 - CONTROL NUMBER IDENTIFIER
JCCL marc code BD-JhCC
005 - DATE AND TIME OF LATEST TRANSACTION
control field 20171205184550.0
008 - FIXED-LENGTH DATA ELEMENTS--GENERAL INFORMATION
fixed length control field 171205s19631964p |||| || | 000 0 eng d
035 ## - SYSTEM CONTROL NUMBER
system control number (BD-JhCC)4940
040 ## - CATALOGING SOURCE
Original cataloging agency BD-JhCC
Modifying agency BD-JhCC
041 ## - LANGUAGE CODE
Language code of Book eng
082 ## - DEWEY DECIMAL CLASSIFICATION NUMBER
Classification number 511
Author mark and Year ALI 1964
100 ## - MAIN ENTRY--PERSONAL NAME
Personal name Ali, H.
245 ## - TITLE STATEMENT
Title Pak School Arithmatic /
Statement of responsibility, etc H. Ali B. Sc. B. T.
250 ## - EDITION STATEMENT
Edition statement 2nd Ed.
260 ## - PUBLICATION, DISTRIBUTION, ETC. (IMPRINT)
Place of publication, distribution, etc Dacka :
Name of publisher, distributor, etc Kohinoor Press,
Date of publication, distribution, etc 1964.
300 ## - PHYSICAL DESCRIPTION
Pagination 132 p. :
Dimensions 18 cm.
650 ## - SUBJECT ADDED ENTRY--TOPICAL TERM
Topical term or geographic name as entry element Arithmatic
942 ## - ADDED ENTRY ELEMENTS (KOHA)
Source of classification or shelving scheme Dewey Decimal Classification
Koha item type Books
Holdings
Source of classification or shelving scheme Damaged status Not for loan Home library Current library Shelving location Date of accession Cost, normal purchase price Total Checkouts Full call number Barcode Date last seen Copy number Koha item type
Dewey Decimal Classification     JCC Rouf Library JCC Rouf Library General Stacks 12/05/2017 2.00   511 ALI 1964 6889 12/05/2017 C-1 Books

JCC Library | Contacts | JCC Home

Last Update on 23 September 2017
Copyright @ 2017-2020 JCC Rouf Library
Rouf Library, Jhenidah Cadet College (JCC), Bangladesh